000 00395nam a22001457a 4500
999 _c6039
_d6037
005 20210827132152.0
008 200225b xxu||||| |||| 00| 0 eng d
020 _a81-239-0552-1
041 _aeng
100 _aGANDHI , NEERJA AND POPLI, HARVINDER
_95132
245 _aPHARMACEUTICAL JURISPRUDENCE: SECOND YEAR DIPLOMA IN PHARMACY
260 _aNEW DELHI
_bCBS
300 _a226p,
942 _cBK